000 00567nam a22001817a 4500
003 OSt
005 20251201130807.0
008 251201b |||||||| |||| 00| 0 eng d
020 _a978-93-8631-435-2
040 _aDWCL - Main
_cOC
082 _aProf. 025.2 A1119 2017
100 _aAashi, Malviya
245 _aAcquisition Procedures :
_bBooks and Non-Book Material /
_cMalviya Aashi
260 _aNew Delhi, India;
_bRandom Publications,
_cc2017
300 _a318 pages;
_c23cm.
504 _aIncludes bibliographical references and index.
942 _2ddc
_cPROF.
_n0
999 _c6653
_d6653